00341nam a22001217a 4500003000400000082002100004100001800025245006000043260007200103300000900175500002300184546001200207OSt aIFPRI/RR-33/1982 aRangarajan, C aAgricultural growth and industrial performance in India aWashington, D CbInternational Food Policy Research Institutec1982 a40p. aResearch report 33 aEnglish